000 00245nmm a2200085Ia 4500
008 220120s9999||||xx |||||||||||||||||und||
100 _aOpen source for you
245 0 _aFedora-29, workstation, Live 64 bit, tails3.11, Centos7-1810
260 _c43466
999 _c140091
_d140091